Central Library OPAC University of Rajshahi

The remaking of modern Europe from the outbreak of the French revolution to the treaty of Berlin, 1789-1878 / (Record no. 63945)

MARC details
000 -LEADER
fixed length control field 00798nam a2200241 a 4500
001 - CONTROL NUMBER
control field 63945
003 - CONTROL NUMBER IDENTIFIER
rucl marc code BD-RjUL
005 - DATE AND TIME OF LATEST TRANSACTION
control field 20211209081244.0
008 - FIXED-LENGTH DATA ELEMENTS--GENERAL INFORMATION
fixed length control field 050217s1928 enkabj 001 0 eng
035 ## - SYSTEM CONTROL NUMBER
System control number (BD-RjUL)64075
040 ## - CATALOGING SOURCE
Original cataloging agency DLC
Transcribing agency CarP
Modifying agency BD-RjUL
Language of cataloging eng
041 ## - LANGUAGE CODE
Language code of text/sound track or separate title eng
082 ## - DEWEY DECIMAL CLASSIFICATION NUMBER
Edition number 23
Classification number 940.28
Author mark and year MAR 1928
100 1# - MAIN ENTRY--PERSONAL NAME
Personal name Marriott, J. A. R.
Fuller form of name (John Arthur Ransome),
Dates associated with a name 1859-1945.
9 (RLIN) 189878
245 14 - TITLE STATEMENT
Title The remaking of modern Europe from the outbreak of the French revolution to the treaty of Berlin, 1789-1878 /
Statement of responsibility, etc. J. A. R. Marriott
250 ## - EDITION STATEMENT
Edition statement 19th ed.
260 ## - PUBLICATION, DISTRIBUTION, ETC. (IMPRINT)
Place of publication, distribution, etc. London :
Name of publisher, distributor, etc. Methuen & co. ltd.,
Date of publication, distribution, etc. 1928.
300 ## - PHYSICAL DESCRIPTION
Pagination xxv, 260 p. :
Illustrations ill. ;
Size 19 cm.
500 ## - GENERAL NOTE
General note Includes index
651 #0 - SUBJECT ADDED ENTRY--GEOGRAPHIC NAME
Geographic name Europe
General subdivision History
Chronological subdivision 1789-1900.
9 (RLIN) 187817
942 ## - ADDED ENTRY ELEMENTS (KOHA)
Source of classification or shelving scheme Dewey Decimal Classification
Koha item type Books
Holdings
Lost status Source of classification or shelving scheme Damaged status Not for loan Collection code Permanent Location Current Location Shelving location Date acquired Source of acquisition Cost, normal purchase price Total Checkouts Full call number Date last seen Copy number Koha item type
  Dewey Decimal Classification   Not For Loan Non-fiction Central Library, University of Rajshahi Central Library, University of Rajshahi Reading Room 09/11/1961 Dr. A.G. Qurashi, Karachi 21.00   940.28 MAR 1928 05/02/2017 C-1 Books